000
00347nam a2200133Ia 4500
008
151001s9999||||xx |||||||||||||| ||und||
100
_a
कुंटे जगन्नाथ
245
_a
नित्य निरंजन
250
_a
1
260
_b
प्राजक्त
260
_c
2009
300
_a
224
365
_b
21
999
_c
994533
_d
994530